Aggressionshandlungen Jugendlicher: ein Beitrag zur Psychologie vorsätzlicher Körperverletzungen
| Main Author: | |
|---|---|
| Format: | Print Book |
| Language: | German |
| Published: |
Wien [u.a.]
Österr. Bundesverl. für Unterricht, Wiss. u. Kunst : Verl. für Jugend & Volk
1969
|
| In: |
Beiträge zur Jugendkunde (14)
Year: 1969 |
| Availability in Albert-Krebs Library: | FC.50.004 2015-330 |
| Check availability: | HBZ Gateway |
| Subito Delivery Service: | Order now. |
| Keywords: |
MARC
| LEADER | 00000cam a2200000 c 4500 | ||
|---|---|---|---|
| 001 | 121868648 | ||
| 003 | DE-627 | ||
| 005 | 20260206202918.0 | ||
| 007 | tu | ||
| 008 | 930216s1969 au ||||| 00| ||ger c | ||
| 016 | 7 | |a 458836958 |2 DE-101 | |
| 035 | |a (DE-627)121868648 | ||
| 035 | |a (DE-603)032759576 | ||
| 035 | |a (DE-576)9121868646 | ||
| 035 | |a (DE-599)GBV121868648 | ||
| 035 | |a (OCoLC)257194922 | ||
| 035 | |a (OCoLC)258466076 | ||
| 035 | |a (AT-OBV)AC02179252 | ||
| 035 | |a (AT-OBV)AC00939023 | ||
| 040 | |a DE-627 |b ger |c DE-627 |e rakwb | ||
| 041 | |a ger | ||
| 044 | |c XA-AT |c XA-DE | ||
| 050 | 0 | |a BF575.A3 | |
| 084 | |a 10a |a 03b |a 04a |2 sdnb | ||
| 084 | |a 2,1 |2 ssgn | ||
| 084 | |a CP 3500 |2 rvk |0 (DE-625)rvk/18979: | ||
| 084 | |a MS 2400 |2 rvk |0 (DE-625)rvk/123637: | ||
| 090 | |a a | ||
| 100 | 1 | |8 1\p |a Schindler, Sepp |d 1922-2012 |0 (DE-588)1133079520 |0 (DE-627)888217269 |0 (DE-576)489090389 |4 aut | |
| 109 | |a Schindler, Sepp 1922-2012 |a Schindler, Josef 1922-2012 | ||
| 245 | 1 | 0 | |a Aggressionshandlungen Jugendlicher |b ein Beitrag zur Psychologie vorsätzlicher Körperverletzungen |c Sepp Schindler. Hrsg. vom Österreichischen Inst. für Jugendkunde |
| 264 | 1 | |a Wien [u.a.] |b Österr. Bundesverl. für Unterricht, Wiss. u. Kunst : Verl. für Jugend & Volk |c 1969 | |
| 300 | |a 183 S |b graph. Darst |c 21 cm |e 2 Kt | ||
| 336 | |a Text |b txt |2 rdacontent | ||
| 337 | |a ohne Hilfsmittel zu benutzen |b n |2 rdamedia | ||
| 338 | |a Band |b nc |2 rdacarrier | ||
| 490 | 1 | |a Beiträge zur Jugendkunde |v 14 | |
| 500 | |a Mit Bibliogr | ||
| 505 | 8 | |a Literaturverz. S. [168] - 179 | |
| 505 | 8 | |a Literaturverz. S. 169 - 179 | |
| 583 | 1 | |a Archivierung prüfen |c 20240324 |f DE-4165 |z 3 |2 pdager | |
| 650 | 0 | 7 | |0 (DE-588)4031605-1 |0 (DE-627)106264826 |0 (DE-576)20899338X |a Körperverletzung |2 gnd |
| 650 | 0 | 7 | |0 (DE-588)4028893-6 |0 (DE-627)106276565 |0 (DE-576)208979999 |a Jugendkriminalität |2 gnd |
| 650 | 0 | 7 | |0 (DE-588)4028859-6 |0 (DE-627)104419199 |0 (DE-576)208979859 |a Jugend |2 gnd |
| 650 | 0 | 7 | |0 (DE-588)4047704-6 |0 (DE-627)106193821 |0 (DE-576)209074426 |a Psychologie |2 gnd |
| 650 | 0 | 7 | |0 (DE-588)4000732-7 |0 (DE-627)106400215 |0 (DE-576)208839216 |a Aggression |2 gnd |
| 650 | 4 | |a Jugendsoziologie | |
| 650 | 4 | |a Kriminalität | |
| 650 | 4 | |a Gewalt |x Jugendlicher |7 (dpeaa)DE-2619 | |
| 650 | 4 | |a Körperverletzung |x Täter |x Jugendlicher |7 (dpeaa)DE-2619 | |
| 653 | 0 | |a Aggressiveness in children | |
| 653 | 0 | |a Children and violence | |
| 689 | 0 | 0 | |d s |0 (DE-588)4000732-7 |0 (DE-627)106400215 |0 (DE-576)208839216 |a Aggression |2 gnd |
| 689 | 0 | 1 | |d s |0 (DE-588)4028859-6 |0 (DE-627)104419199 |0 (DE-576)208979859 |a Jugend |2 gnd |
| 689 | 0 | 2 | |d s |0 (DE-588)4031605-1 |0 (DE-627)106264826 |0 (DE-576)20899338X |a Körperverletzung |2 gnd |
| 689 | 0 | |5 DE-101 | |
| 830 | 0 | |a Beiträge zur Jugendkunde |v 14 |9 14 |w (DE-627)214062309 |w (DE-576)001141597 |w (DE-600)1332136-5 |7 am | |
| 883 | |8 1\p |a cgwrk |d 20241001 |q DE-101 |u https://d-nb.info/provenance/plan#cgwrk | ||
| 889 | |w (DE-627)196795559 | ||
| 935 | |a mkri | ||
| 935 | |i sf | ||
| 935 | |h HEB |i 0501 | ||
| 935 | |h HEB |i 0503 | ||
| 936 | r | v | |a CP 3500 |b Zusammenfassendes und allgemeine Darstellungen |k Psychologie |k Allgemeine Psychologie |k Konflikt, Angst, Aggression, Frustration, Stress |k Zusammenfassendes und allgemeine Darstellungen |0 (DE-627)1429797266 |0 (DE-625)rvk/18979: |0 (DE-576)359797261 |
| 936 | r | v | |a MS 2400 |b Jugendkriminalität und -verwahrlosung |k Soziologie |k Spezielle Soziologien |k Jugendsoziologie |k Jugendkriminalität und -verwahrlosung |0 (DE-627)1271440997 |0 (DE-625)rvk/123637: |0 (DE-576)201440997 |
| 936 | s | n | |a c200 |2 mzub |
| 936 | s | n | |a m200 |2 mzub |
| 951 | |a BO | ||
| ELC | |b 1 | ||
| LOK | |0 000 xxxxxcx a22 zn 4500 | ||
| LOK | |0 001 4196269133 | ||
| LOK | |0 003 DE-627 | ||
| LOK | |0 004 121868648 | ||
| LOK | |0 005 20221011150740 | ||
| LOK | |0 008 221011||||||||||||||||ger||||||| | ||
| LOK | |0 035 |a (DE-2619)k02531 | ||
| LOK | |0 040 |a DE-2619 |c DE-627 |d DE-2619 | ||
| LOK | |0 092 |o n | ||
| LOK | |0 541 |e Bestand Albert-Krebs-Bibliothek: 2015-330 | ||
| LOK | |0 852 |a DE-2619 | ||
| LOK | |0 852 1 |c FC.50.004 |m p |9 00 | ||
| LOK | |0 935 |a kreb | ||
| LOK | |0 938 |k p | ||
| LOK | |0 939 |a 11-10-22 |b l01 | ||
| ORI | |a SA-MARC-krimdoka001.raw | ||
